000 01495cam a22004334a 4500
001 ocm86117777
003 OCoLC
005 20200320182644.0
008 070321s2008 flua j b 001 0 eng
010 _a 2007011807
020 _a9781600445118 (hardcover)
020 _a160044511X (hardcover)
020 _a9781600446726 (softcover)
020 _a1600446728 (softcover)
020 _c15.95
029 1 _aAU@
_b000041422609
035 _a(OCoLC)86117777
040 _aDLC
_cDLC
_dBAKER
_dBTCTA
_dWACOL
049 _aWACL
050 0 0 _aQR181.8
_b.T34 2008
082 0 0 _a616.07/9
_222
092 _aE
_bTha
100 1 _aThames, Susan.
_935564
245 1 0 _aOur immune system /
_cSusan Thames.
260 _aVero Beach, Fla. :
_bRourke Pub.,
_cc2008.
300 _a24 p. :
_bcol. ill. ;
_c21 cm.
490 0 _aOur bodies
490 0 _aRourke discovery library
504 _aIncludes bibliographical references (p. 24) and index.
505 0 _aGerms -- Your immune system -- Healthy body.
650 0 _aImmune system
_vJuvenile literature.
_95703626
938 _aBaker & Taylor
_bBKTY
_c22.79
_d22.79
_i160044511X
_n0007269509
_sactive
938 _aBaker & Taylor
_bBKTY
_c6.95
_d6.95
_i1600446728
_n0007269644
_sactive
938 _aBaker and Taylor
_bBTCP
_nBK0007269644
942 _cBOOK
_018
948 _a07/22/2008
_zSirsi
994 _a02
_bWACOL
996 _a64714
_b34301000766735
_cE
_dbk
_ewcl
_fi
_g18
_h15.95
_lWorld Media Express
_mTha
_p07/23/2008
_q03/03/2020
_r02/27/2020
999 _c267900
_d267900